Spell the Marvel Villain #1 - Statistics

General Stats
  • This quiz has been taken 44 times
  • The average score is 3 of 5
Answer Stats
Picture Answer % Correct
Sandman
95%
Thanos
95%
Spot
32%
Owl
27%
Psycho-Man
24%
No matching quizzes found
Score Distribution
Percent of People with Each Score
Percentile by Number Answered
Your Score History
You have not taken this quiz